000 00792nam a2200229 u 4500
001 000055981
005 20200120223210.0
008 130612s2001 sp a gr 000 0 spa d
020 _a8476661231
041 0 _aspa
082 0 4 _a370.97284
_bR25
_221
245 1 0 _aLa renovación de la educación de adultos :
_bel PAEBA de El Salvador, un modelo de cooperación /
_cMariano Jabonero ... [et al.].
250 _a1a. ed.
260 _aMadrid :
_bOrganización de Estados Iberoamericanos para la Educación, la Ciencia y la Cultura,
_c2001.
300 _a134 p.
490 0 _aTemas de Iberoamérica
650 1 7 _aEducación
_2LEMB
650 2 7 _aEducación de adultos
_2LEMB
650 2 7 _aAlfabetización de adultos
_2LEMB
650 2 7 _aReforma educativa
_2LEMB
700 1 _aJabonero, Mariano.
999 _c5521
_d5521